000 00422nam a2200181Ia 4500
001 24963
003 IN-NITTTR
005 20251114233318.0
008 251113s9999||||xx |||||||||||||| ||eng||
040 _beng
040 _cIN-NITTTR
041 _aeng
082 _a005.133 S4P
100 _aShah, Y. I.
245 0 _aProgramming in C++. /
_cShah, Y. I., Thaker, M. H.
700 _a Thaker, M. H.
942 _2ddc
_cBK
999 _c27592
_d27592